[Event "Michigan Action"]
[Site "Detroit, MI"]
[Date "1999.12.18"]
[Round "6"]
[White "Collins, Michael"]
[Black "McKinzie, Maurice"]
[Result "0-1"]
[WhiteElo "602"]
[BlackElo "606"]
[PlyCount "54"]
[EventDate "1999.12.18"]

1. c4 Nf6 2. d3 Nc6 3. Nc3 e5 4. e4 Bb4 5. Bd2 Bxc3 6. Bxc3 d5 7. Be2 O-O 8.
Nf3 dxe4 9. dxe4 Qxd1+ 10. Rxd1 Nxe4 11. Bxe5 Nxe5 12. Nxe5 Re8 13. Nxf7 Kxf7
14. O-O Ng3 15. fxg3+ Kg8 16. c5 Rxe2 17. Rf3 Bg4 18. Rf4 Rxg2+ 19. Kxg2 Bxd1
20. b4 Rd8 21. b5 Rd2+ 22. Kh3 Rxa2 23. c6 bxc6 24. bxc6 g5 25. Re4 g4+ 26. Kh4
h6 27. Re7 Rxh2# 0-1

[Event "Michigan Action"]
[Site "Detroit, MI"]
[Date "1999.12.18"]
[Round "2"]
[White "Collins, Michael"]
[Black "Jarrett, Thomas"]
[Result "0-1"]
[WhiteElo "602"]
[BlackElo "953"]
[PlyCount "63"]
[EventDate "1999.12.18"]

1. c4 Nf6 2. d3 d5 3. Nc3 dxc4 4. dxc4 Qxd1+ 5. Nxd1 e5 6. Nf3 Bb4+ 7. Nc3
Bxc3+ 8. bxc3 Nc6 9. e3 O-O 10. Bd3 Rd8 11. Bc2 Na5 12. O-O Nxc4 13. Bb3 Be6
14. Ng5 Bd5 15. Rd1 Nb6 16. Bxd5 Nbxd5 17. e4 Nxc3 18. Rxd8+ Rxd8 19. h3 Nfxe4
20. Nxe4 Nxe4 21. f3 Rd1+ 22. Kh2 Nf2 23. Rb1 g6 24. Kg3 Nd3 25. Rxb7 Rxc1 26.
Rxa7 c5 27. Ra8+ Kg7 28. Ra3 c4 29. Kg4 c3 30. Kg5 Nb2 31. Ra7 c2 32. Rc7 0-1

[Event "Michigan Action"]
[Site "Detroit, MI"]
[Date "1999.12.18"]
[Round "4"]
[White "Collins, Michael"]
[Black "Bird, Tim"]
[Result "0-1"]
[WhiteElo "602"]
[BlackElo "769"]
[PlyCount "75"]
[EventDate "1999.12.18"]

1. c4 e5 2. d3 Nc6 3. Nc3 Nf6 4. g3 Bc5 5. Nf3 d6 6. Bg2 O-O 7. O-O Bf5 8. Bg5
h6 9. Bxf6 Qxf6 10. Nd5 Qe6 11. Nxc7 Qd7 12. Nxa8 Rxa8 13. a3 Bh3 14. Bxh3 Qxh3
15. Re1 Nd4 16. b4 Bb6 17. Nxd4 Bxd4 18. Rc1 Qf5 19. e4 Qf6 20. c5 Bxf2+ 21.
Kg2 Bxe1 22. Qxe1 dxc5 23. bxc5 Rd8 24. Rd1 Qe7 25. d4 exd4 26. Rd2 Qxc5 27.
Qe2 Qxa3 28. Qg4 Qe3 29. Rf2 Re8 30. Qf5 f6 31. Rf4 Qe2+ 32. Kh3 d3 33. Rg4 Rd8
34. Qg6 Qf1+ 35. Kh4 Rd7 36. Qf5 Qxf5 37. exf5 d2 38. Re4 0-1

[Event "Michigan Women's"]
[Site "Detroit, MI"]
[Date "1999.12.18"]
[Round "1"]
[White "Coleman, Keyanna"]
[Black "Trice, Shevonne"]
[Result "0-1"]
[WhiteElo "333"]
[BlackElo "878"]
[PlyCount "68"]
[EventDate "1999.12.18"]

1. e4 e5 2. Bc4 Nf6 3. g3 Nxe4 4. d3 Nf6 5. d4 exd4 6. c3 dxc3 7. bxc3 Qe7+ 8.
Be3 d6 9. h4 Bg4 10. Qd2 Qe4 11. f3 Bxf3 12. Nxf3 Qxf3 13. Rf1 Qxg3+ 14. Rf2
Qxh4 15. Bf4 Be7 16. Kf1 Nc6 17. Rf3 O-O-O 18. Qf2 Qxf2+ 19. Rxf2 Ne4 20. Re2
f5 21. Bd3 d5 22. Bxe4 dxe4 23. Rd2 Bf6 24. Rxd8+ Rxd8 25. a4 h5 26. a5 h4 27.
Kg1 g5 28. Bh2 h3 29. a6 e3 30. Kf1 f4 31. Na3 f3 32. Ke1 Bxc3+ 33. Kf1 Bxa1
34. Bg1 Rd1# 0-1

[Event "Michigan Women's"]
[Site "Detroit, MI"]
[Date "1999.12.18"]
[Round "4"]
[White "Coleman, Keyanna"]
[Black "Moore, Gemma"]
[Result "0-1"]
[WhiteElo "333"]
[BlackElo "796"]
[PlyCount "102"]
[EventDate "1999.12.18"]

1. Nh3 e5 2. Na3 d5 3. b3 Nf6 4. c4 Nc6 5. cxd5 Nxd5 6. e3 Bxh3 7. d4 Bf5 8.
dxe5 Bxa3 9. Bxa3 Nxe5 10. f3 Nxe3 11. f4 Nc2+ 12. Ke2 Nxa1 13. Qxa1 Bg4+ 14.
Ke3 Qg5 15. fxg5 O-O-O 16. h3 Bh5 17. g4 Bg6 18. h4 Rhe8 19. h5 Nc4+ 20. Kf3
Nxa3 21. hxg6 hxg6 22. Kf2 Nc2 23. Be2 Nxa1 24. Rxa1 Rd2 25. a4 Rexe2+ 26. Kf3
Rb2 27. Kg3 Rxb3+ 28. Kf4 Rf2+ 29. Ke5 Kd7 30. a5 Rb5+ 31. Ke4 f6 32. gxf6 gxf6
33. a6 b6 34. Rd1+ Ke6 35. Ke3 Rh2 36. Kf4 Rh4 37. Re1+ Kf7 38. Re3 f5 39. Rg3
Kf6 40. Kf3 Rb3+ 41. Kg2 Rxg3+ 42. Kxg3 Rxg4+ 43. Kf3 Ke5 44. Ke3 Rg3+ 45. Kf2
Ra3 46. Ke1 Ra2 47. Kd1 Kd4 48. Kc1 Kd3 49. Kb1 Rh2 50. Kc1 Rg2 51. Kd1 Rg1#
0-1

[Event "Michigan Action"]
[Site "Detroit, MI"]
[Date "1999.12.18"]
[Round "6"]
[White "Coleman, Kareem"]
[Black "Williams, Jason"]
[Result "1/2-1/2"]
[WhiteElo "567"]
[BlackElo "580"]
[PlyCount "111"]
[EventDate "1999.12.18"]

1. Nf3 d5 2. g3 Nc6 3. Bg2 e5 4. d3 Nf6 5. O-O Bc5 6. Bg5 Bf5 7. Bxf6 Qxf6 8.
Nbd2 O-O 9. e4 dxe4 10. dxe4 Bg4 11. Nb3 Nd4 12. Nbxd4 Bxd4 13. h3 Bxb2 14. Rb1
Bxf3 15. Bxf3 Bc3 16. Rxb7 Rad8 17. Qe2 c5 18. Rxa7 Bb4 19. a3 Rd2 20. Qa6 Qxf3
21. Ra8 Bc3 22. Rxf8+ Kxf8 23. Qc8+ Ke7 24. Qxc5+ Kf6 25. Qe3 Qxe3 26. fxe3+
Ke6 27. Rb1 Rxc2 28. Rb3 f5 29. a4 fxe4 30. Rb6+ Kf5 31. g4+ Kg5 32. Rb5 Rc1+
33. Kf2 Kh4 34. a5 Bxa5 35. Rxa5 Rc2+ 36. Ke1 Kxh3 37. Rxe5 Kxg4 38. Rxe4+ Kf3
39. Re7 g5 40. e4 Re2+ 41. Kf1 Rxe4 42. Rxe4 Kxe4 43. Kg2 Kf4 44. Kh3 h5 45.
Kg2 h4 46. Kh3 Kf3 47. Kh2 g4 48. Kg1 Kg3 49. Kh1 Kh3 50. Kg1 g3 51. Kh1 Kg4
52. Kg2 h3+ 53. Kg1 h2+ 54. Kh1 g2+ 55. Kxh2 Kf3 56. Kg1 1/2-1/2

[Event "Michigan Action"]
[Site "Detroit, MI"]
[Date "1999.12.18"]
[Round "2"]
[White "Coleman, Kareem"]
[Black "Williams, Eddie"]
[Result "1/2-1/2"]
[WhiteElo "567"]
[BlackElo "1677"]
[PlyCount "74"]
[EventDate "1999.12.18"]

1. Nf3 d5 2. g3 Nc6 3. Bg2 e5 4. d3 h6 5. b3 Nf6 6. Bb2 d4 7. Nbd2 Bb4 8. a3
Ba5 9. O-O a6 10. Nc4 Qe7 11. Nxa5 Nxa5 12. Re1 O-O 13. e3 dxe3 14. Rxe3 Nc6
15. Nxe5 Nxe5 16. Rxe5 Qd6 17. Re1 c6 18. a4 Qc7 19. Bxf6 gxf6 20. Qh5 Kg7 21.
Be4 Qe5 22. Qd1 Re8 23. f4 Qd4+ 24. Kf1 Bh3+ 25. Bg2 Bxg2+ 26. Kxg2 Rad8 27.
Qg4+ Kh7 28. Qf5+ Kg7 29. Rxe8 Rxe8 30. Rf1 Re2+ 31. Kh3 Rxc2 32. Qg4+ Kh7 33.
Qf5+ Kg7 34. Qg4+ Kf8 35. Qc8+ Kg7 36. Qg4+ Kf8 37. Qc8+ Kg7 1/2-1/2

[Event "Michigan Action"]
[Site "Detroit, MI"]
[Date "1999.12.18"]
[Round "4"]
[White "Coleman, Kareem"]
[Black "McFolley, Tyrone"]
[Result "0-1"]
[WhiteElo "567"]
[BlackElo "893"]
[PlyCount "84"]
[EventDate "1999.12.18"]

1. Nf3 d5 2. g3 Nc6 3. Bg2 Nf6 4. O-O e5 5. d3 Bf5 6. Bg5 h6 7. Bxf6 Qxf6 8.
Nbd2 Bc5 9. e4 dxe4 10. dxe4 Be6 11. Re1 O-O 12. Nb3 Bxb3 13. axb3 Rfd8 14. Qe2
Nd4 15. Nxd4 Bxd4 16. Red1 Bxb2 17. Rxd8+ Qxd8 18. Rd1 Qf6 19. c4 Bd4 20. Rf1
Rd8 21. h4 a6 22. h5 Qd6 23. Rd1 Bxf2+ 24. Kxf2 Qxd1 25. Qxd1 Rxd1 26. Bf3 Rb1
27. Ke3 Rxb3+ 28. Kf2 a5 29. c5 a4 30. Bd1 Rb2+ 31. Ke1 a3 32. Bb3 Rxb3 33. Kd2
a2 34. Kc2 Rb1 35. c6 b6 36. g4 a1=Q 37. g5 Qb2+ 38. Kd3 Rd1+ 39. Ke3 Qd2+ 40.
Kf3 Rf1+ 41. Kg4 Qg2+ 42. Kh4 Rh1# 0-1

[Event "Michigan Action"]
[Site "Detroit, MI"]
[Date "1999.12.18"]
[Round "4"]
[White "Choate, Eric"]
[Black "Skidmore, Mike"]
[Result "1-0"]
[WhiteElo "1195"]
[BlackElo "1902"]
[PlyCount "62"]
[EventDate "1999.12.18"]

1. e4 c5 2. Nf3 Nc6 3. Bb5 Na5 4. b3 a6 5. Be2 b5 6. d3 Bb7 7. Bb2 e6 8. O-O
Nf6 9. Qd2 Be7 10. Nc3 O-O 11. a4 b4 12. Nd1 d5 13. exd5 Bxd5 14. Ne3 Bb7 15.
Ne5 Qc7 16. Bf3 Bxf3 17. Nxf3 Rad8 18. Qe2 Nc6 19. Rad1 Nd4 20. Nxd4 cxd4 21.
Nc4 Rd5 22. Rfe1 Rh5 23. g3 Rd8 24. Bc1 Rdd5 25. Bf4 Qc6 26. Qf3 Rxh2 27. Ne5
Qxc2 28. Kxh2 Qxb3 29. Ra1 h5 30. Reb1 Qc2 31. Qe2 Qc8 1-0

[Event "Michigan Action"]
[Site "Detroit, MI"]
[Date "1999.12.18"]
[Round "2"]
[White "Choate, Eric"]
[Black "Kimura, James"]
[Result "0-1"]
[WhiteElo "1195"]
[BlackElo "1811"]
[PlyCount "68"]
[EventDate "1999.12.18"]

1. e4 c5 2. Nf3 Nc6 3. Bb5 d6 4. Bxc6+ bxc6 5. d3 g6 6. c3 Bg7 7. O-O e6 8. Be3
Ne7 9. Nbd2 Ba6 10. Qc2 O-O 11. Rfe1 Qa5 12. Nb3 Qb5 13. d4 c4 14. Nbd2 d5 15.
e5 Nf5 16. Bg5 h6 17. Bf4 c5 18. Rab1 cxd4 19. Nxd4 Nxd4 20. cxd4 Qc6 21. Nf3
Qe8 22. Qd2 Kh7 23. h3 f5 24. exf6 Rxf6 25. Be5 Rf5 26. Bxg7 Kxg7 27. Ne5 Bc8
28. Ng4 Rh5 29. Qf4 Qf8 30. Qc7+ Qf7 31. Qxf7+ Kxf7 32. Ne5+ Kf6 33. Re3 Rf5
34. g3 g5 0-1

[Event "Michigan Action"]
[Site "Detroit, MI"]
[Date "1999.12.18"]
[Round "6"]
[White "Choate, Eric"]
[Black "Johnson, Christopher"]
[Result "1-0"]
[WhiteElo "1195"]
[BlackElo "830"]
[PlyCount "43"]
[EventDate "1999.12.18"]

1. e4 e5 2. Nf3 Nc6 3. Bc4 Nf6 4. d3 Be7 5. Nc3 O-O 6. O-O d6 7. h3 Bd7 8. Nh2
Nd4 9. Be3 b5 10. Bb3 Nxb3 11. axb3 b4 12. Na4 c5 13. f4 exf4 14. Rxf4 Nh5 15.
Qxh5 g6 16. Qe2 Bg5 17. Rf3 f5 18. Bxg5 Qxg5 19. exf5 Rxf5 20. Raf1 Rxf3 21.
Qxf3 Rf8 22. Qxf8# 1-0

[Event "Michigan Action"]
[Site "Detroit, MI"]
[Date "1999.12.18"]
[Round "4"]
[White "Carroll, Mitchell"]
[Black "Williams, Jason"]
[Result "1-0"]
[WhiteElo "907"]
[BlackElo "580"]
[PlyCount "49"]
[EventDate "1999.12.18"]

1. e4 e5 2. Bc4 Nf6 3. d4 Nxe4 4. dxe5 Bc5 5. Bxf7+ Kxf7 6. Qf3+ Nf6 7. exf6
Qxf6 8. Qd5+ Qe6+ 9. Qxe6+ dxe6 10. Nc3 Nc6 11. Be3 Bxe3 12. fxe3 b6 13. Nf3
Ba6 14. O-O-O Kf6 15. g4 g5 16. h4 h6 17. Ne4+ Kg6 18. h5+ Kh7 19. Rd7+ Kg8 20.
Nf6+ Kf8 21. Rxc7 Ne7 22. Ne5 Bb5 23. Ng6+ Nxg6 24. hxg6 Rg8 25. Rf7# 1-0

[Event "Michigan Action"]
[Site "Detroit, MI"]
[Date "1999.12.18"]
[Round "6"]
[White "Carroll, Mitchell"]
[Black "Roberes, Thomas"]
[Result "1-0"]
[WhiteElo "907"]
[BlackElo "682"]
[PlyCount "75"]
[EventDate "1999.12.18"]

1. e4 e6 2. d4 d5 3. exd5 exd5 4. Nf3 Nc6 5. Bb5 Bd7 6. O-O Nf6 7. Bg5 Be7 8.
Nc3 O-O 9. Re1 Re8 10. Qd2 a6 11. Ba4 h6 12. Bh4 Bb4 13. Rxe8+ Bxe8 14. Ne5 Qe7
15. Re1 Qd6 16. Bxc6 Bxc6 17. a3 Bxc3 18. Qxc3 Re8 19. Bg3 Qe7 20. f3 Qd6 21.
Nxf7 Rxe1+ 22. Qxe1 Qd7 23. Ne5 Qd8 24. Nxc6 bxc6 25. Qa5 Qb8 26. b3 Qa7 27. c3
Qb6 28. Bxc7 Qxb3 29. Be5 Qb5 30. Qd8+ Kf7 31. Qc7+ Kg6 32. Bxf6 gxf6 33. h3
Qb1+ 34. Kh2 Qb2 35. Qxc6 Qxa3 36. f4 Qb3 37. f5+ Kh5 38. Qxf6 1-0

[Event "Michigan Action"]
[Site "Detroit, MI"]
[Date "1999.12.18"]
[Round "2"]
[White "Carroll, Mitchell"]
[Black "McKinzie, Maurice"]
[Result "1-0"]
[WhiteElo "907"]
[BlackElo "606"]
[PlyCount "79"]
[EventDate "1999.12.18"]

1. e4 Nc6 2. Bc4 Nf6 3. Nc3 e5 4. Nf3 Bb4 5. Ng5 O-O 6. a3 Bxc3 7. dxc3 d5 8.
exd5 Nxd5 9. Bxd5 h6 10. Bxf7+ Kh8 11. Qxd8 Rxd8 12. Nf3 Bg4 13. Bb3 e4 14. Nd2
Re8 15. O-O Rad8 16. h3 Be2 17. Re1 Ba6 18. Rxe4 Rxe4 19. Nxe4 Rd1+ 20. Kh2 Ne5
21. c4 h5 22. c3 Rd7 23. Nc5 Rf7 24. Nxa6 bxa6 25. f4 Nd3 26. c5 Re7 27. Bc4
Nxc5 28. b4 Na4 29. Bxa6 Nxc3 30. Bb2 Nd5 31. f5 Re2 32. Bxe2 Nf4 33. Bc4 h4
34. Rd1 c5 35. bxc5 a6 36. c6 a5 37. c7 a4 38. c8=Q+ Kh7 39. Rd6 g6 40. Qh8#
1-0

[Event "Michigan Action"]
[Site "Detroit, MI"]
[Date "1999.12.18"]
[Round "5"]
[White "Bird, Tim"]
[Black "Wheeler, Wardell"]
[Result "1-0"]
[WhiteElo "769"]
[BlackElo "681"]
[PlyCount "101"]
[EventDate "1999.12.18"]

1. e4 Nc6 2. Nf3 Nf6 3. Nc3 e5 4. Bb5 Nd4 5. Nxe5 c6 6. Bc4 d6 7. Nxf7 Qb6 8.
Nxh8 d5 9. exd5 cxd5 10. Nxd5 Nxd5 11. Bxd5 Be6 12. Bxe6 Qxe6+ 13. Kf1 Qe2+ 14.
Qxe2+ Nxe2 15. Kxe2 g5 16. d4 Bg7 17. Bxg5 Bxd4 18. Rae1 Bxh8 19. Kd2+ Kd7 20.
Re4 Kc6 21. Re6+ Kc5 22. Bf6 Rd8+ 23. Bxd8 Bxb2 24. Be7+ Kd5 25. Rd6+ Ke5 26.
Re1+ Kf5 27. Rf6+ Bxf6 28. Bxf6 Kxf6 29. c4 b6 30. Kd3 Kg5 31. Kd4 h5 32. c5
bxc5+ 33. Kxc5 Kg4 34. f3+ Kf4 35. Re4+ Kg5 36. h4+ Kf5 37. g4+ hxg4 38. fxg4+
Kxe4 39. h5 Kd3 40. h6 Kc3 41. h7 Kb2 42. h8=Q+ Kxa2 43. Qa8 Kb3 44. Qxa7 Kc3
45. Qd7 Kb3 46. Qd4 Ka3 47. Kc4 Ka4 48. Qb6 Ka3 49. Qb4+ Ka2 50. Kc3 Ka1 51.
Qb2# 1-0

[Event "Michigan Action"]
[Site "Detroit, MI"]
[Date "1999.12.18"]
[Round "6"]
[White "Bird, Tim"]
[Black "Jarrett, Thomas"]
[Result "1-0"]
[WhiteElo "769"]
[BlackElo "953"]
[PlyCount "120"]
[EventDate "1999.12.18"]

1. e4 e5 2. Nf3 d6 3. Nc3 Nc6 4. Bb5 Bd7 5. d3 Nd4 6. Bxd7+ Qxd7 7. O-O Be7 8.
Nxd4 exd4 9. Nd5 Nf6 10. Nxe7 Qxe7 11. Qf3 Rb8 12. Qg3 Nh5 13. Qg4 Qe5 14. c3
dxc3 15. bxc3 g6 16. Be3 b6 17. Rac1 O-O 18. d4 Qe6 19. Qxe6 fxe6 20. e5 dxe5
21. dxe5 Rbd8 22. Rcd1 Rxd1 23. Rxd1 a5 24. Rd7 Rf7 25. Rd8+ Rf8 26. Rd1 b5 27.
Bg5 a4 28. Rd8 Rxd8 29. Bxd8 Nf4 30. Bxc7 Ne2+ 31. Kf1 Nxc3 32. a3 Kf7 33. Ba5
Na2 34. Ke1 Ke7 35. Kd1 Kd7 36. Kc2 Kc6 37. Kb2 Kd5 38. Kxa2 Kxe5 39. Kb2 Kf5
40. Kc3 e5 41. Kb4 h5 42. Kxb5 Kf4 43. Kxa4 g5 44. Bd2+ Kf5 45. Kb3 g4 46. Kc3
Ke4 47. a4 h4 48. g3 hxg3 49. hxg3 Kf3 50. Be1 e4 51. Kd2 e3+ 52. Kd3 exf2 53.
Bxf2 Kxf2 54. a5 Kxg3 55. a6 Kf2 56. a7 g3 57. a8=Q g2 58. Qf8+ Kg1 59. Qc5+
Kh1 60. Qh5+ Kg1 1-0

[Event "Michigan Action"]
[Site "Detroit, MI"]
[Date "1999.12.18"]
[Round "3"]
[White "Bird, Tim"]
[Black "Hartsfield, Jonathan"]
[Result "0-1"]
[WhiteElo "769"]
[BlackElo "868"]
[PlyCount "100"]
[EventDate "1999.12.18"]

1. e4 c5 2. Nf3 e6 3. Nc3 d6 4. Bb5+ Bd7 5. Bxd7+ Qxd7 6. d3 Nc6 7. Bg5 h6 8.
Be3 Nf6 9. O-O Be7 10. a3 Qc7 11. Na4 O-O 12. Nd2 d5 13. exd5 exd5 14. Qf3 Rad8
15. Bf4 Qa5 16. b3 Nd4 17. Qe3 Bd6 18. Bxd6 Rxd6 19. Nxc5 Qxc5 20. Qe7 Nxc2 21.
Rac1 Rd7 22. Qxc5 Nxa3 23. Qxa7 Nb5 24. Qa1 Re8 25. Rfe1 Red8 26. Re3 Rd6 27.
Rf3 d4 28. Ne4 Nxe4 29. dxe4 d3 30. Rg3 g6 31. h3 d2 32. Rd1 Rc8 33. h4 Nc3 34.
h5 Nxd1 35. hxg6 fxg6 36. Qa2 Rc1 37. b4+ Kg7 38. Kh2 Nc3 39. Qa7 d1=Q 40.
Qxb7+ Rd7 41. Rxg6+ Kxg6 42. Qb6+ Kg7 43. e5 Qh1+ 44. Kg3 Rd3+ 45. Kf4 Qh4+ 46.
Kf5 Qg5+ 47. Ke6 Qg6+ 48. Ke7 Qxb6 49. e6 Qd6+ 50. Ke8 Qd8# 0-1

[Event "Kalamazoo December Mini-Swiss.1"]
[Site "Kalamazoo, MI"]
[Date "1999.12.18"]
[Round "1"]
[White "Bambrough, Brian"]
[Black "Rutgers, Randy"]
[Result "1-0"]
[WhiteElo "1999"]
[BlackElo "1575"]
[PlyCount "67"]
[EventDate "1999.12.18"]

1. c4 c5 2. Nc3 Nc6 3. e4 g6 4. f4 Bg7 5. Nf3 d6 6. Be2 Bg4 7. O-O Nf6 8. d3
O-O 9. Rb1 Nd7 10. a3 e6 11. Be3 Rc8 12. Qd2 Qe7 13. b4 d5 14. cxd5 cxb4 15.
axb4 Nxb4 16. Nb5 Rc2 17. d6 Qf6 18. Qxb4 Rxe2 19. e5 Qf5 20. Bxa7 Bxe5 21.
fxe5 f6 22. Nbd4 Rxg2+ 23. Kxg2 Bh3+ 24. Kh1 Qxd3 25. Rfd1 Qe4 26. Qxb7 Qg4 27.
Rg1 Qf4 28. Qxd7 Rf7 29. Rb8+ Kg7 30. Qxf7+ Kxf7 31. d7 fxe5 32. d8=Q Kg7 33.
Qh8+ Kh6 34. Rg8 1-0

[Event "Michigan Action"]
[Site "Detroit, MI"]
[Date "1999.12.18"]
[Round "4"]
[White "Bainbridge, Chris"]
[Black "Kimura, James"]
[Result "0-1"]
[WhiteElo "959"]
[BlackElo "1811"]
[PlyCount "72"]
[EventDate "1999.12.18"]

1. c4 Nf6 2. e3 g6 3. Nc3 Bg7 4. d4 O-O 5. Bd3 d5 6. Nge2 b6 7. Qb3 Bb7 8. f3
dxc4 9. Bxc4 Nc6 10. O-O Na5 11. Qb4 Nxc4 12. Qxc4 Nd5 13. Qd3 e6 14. b3 c5 15.
Bb2 Qf6 16. Nxd5 Bxd5 17. e4 Bb7 18. Rab1 Qe7 19. dxc5 Rfd8 20. Qe3 bxc5 21.
Bxg7 Kxg7 22. Qc3+ Kg8 23. Ng3 Ba6 24. Rfd1 Qc7 25. Qf6 Rd7 26. e5 Rad8 27.
Rxd7 Qxd7 28. h3 Qd4+ 29. Kh2 Rd7 30. Rc1 c4 31. Ne2 Qd2 32. bxc4 Qxe2 33. Rg1
Bxc4 34. Qf4 Bd5 35. Kg3 Qxa2 36. Re1 Qa6 0-1

[Event "Michigan Action"]
[Site "Detroit, MI"]
[Date "1999.12.18"]
[Round "1"]
[White "Bainbridge, Chris"]
[Black "Haugabook, Ibrahim"]
[Result "1-0"]
[WhiteElo "959"]
[BlackElo "554"]
[PlyCount "51"]
[EventDate "1999.12.18"]

1. e4 e5 2. Nf3 f6 3. Bc4 Bc5 4. O-O Nh6 5. c3 Nf7 6. d4 O-O 7. dxc5 Qe7 8. Be3
Kh8 9. Nfd2 d6 10. cxd6 cxd6 11. f4 Nh6 12. fxe5 dxe5 13. Bxh6 gxh6 14. Qf3 Nc6
15. Na3 Qc5+ 16. Kh1 Qe7 17. Rf2 Rg8 18. Bxg8 Kxg8 19. Raf1 Nd8 20. Qg3+ Kf8
21. Rxf6+ Qxf6 22. Rxf6+ Ke7 23. Qg7+ Nf7 24. Qxf7+ Kd8 25. Rd6+ Bd7 26. Qxd7#
1-0

[Event "Kalamazoo December Mini-Swiss.3"]
[Site "Kalamazoo, MI"]
[Date "1999.12.18"]
[Round "1"]
[White "Babcock, John"]
[Black "Smith, Adam"]
[Result "0-1"]
[WhiteElo "950"]
[BlackElo "1171"]
[PlyCount "114"]
[EventDate "1999.12.18"]

1. d4 d5 2. c4 e6 3. Nf3 Nf6 4. Nc3 Bb4 5. Bg5 Bxc3+ 6. bxc3 O-O 7. e3 Nc6 8.
Bd3 Bd7 9. cxd5 exd5 10. Qb3 Qe7 11. Bxf6 Qxf6 12. Qxd5 Be6 13. Qg5 Qxg5 14.
Nxg5 g6 15. Nxe6 fxe6 16. Bc4 Rf6 17. O-O Raf8 18. Rae1 Kg7 19. d5 Ne5 20. Bb3
Nd3 21. Re2 exd5 22. Bxd5 c6 23. Bc4 Ne5 24. Bb3 b5 25. Bc2 a5 26. Rd2 Ng4 27.
e4 Ne3 28. Rc1 Nc4 29. Rd7+ Kh6 30. f3 Ne5 31. Rd2 g5 32. Rcd1 g4 33. Rd6 gxf3
34. Rxf6+ Rxf6 35. Rf1 Rg6 36. g3 Kg5 37. Bd1 Rf6 38. h3 h5 39. Kf2 h4 40. g4
Kf4 41. Bc2 Nc4 42. Rg1 Rd6 43. Rd1 Nd2 44. e5 Ne4+ 45. Ke1 Rxd1+ 46. Kxd1
Nxc3+ 47. Ke1 Kxe5 48. g5 Nd5 49. Kf2 Kf4 50. g6 c5 51. a3 b4 52. axb4 axb4 53.
g7 Ne7 54. Bb3 Ke4 55. g8=Q Nxg8 56. Bxg8 Kd3 57. Bh7+ Kd2 0-1

[Event "Kalamazoo December Mini-Swiss.3"]
[Site "Kalamazoo, MI"]
[Date "1999.12.18"]
[Round "3"]
[White "Babcock, John"]
[Black "Kaminsky, Gary"]
[Result "0-1"]
[WhiteElo "950"]
[BlackElo "1024"]
[PlyCount "68"]
[EventDate "1999.12.18"]

1. d4 d5 2. c4 e6 3. Nc3 Bb4 4. Bd2 Nf6 5. Nf3 O-O 6. Bg5 Bxc3+ 7. bxc3 dxc4 8.
Qa4 Nbd7 9. Qxc4 Nb6 10. Qd3 h6 11. Bh4 Nbd5 12. e3 a5 13. a3 g5 14. Bg3 Nh5
15. Be2 Nxg3 16. hxg3 Kg7 17. Ne5 b6 18. Ng4 Rh8 19. Rc1 Ba6 20. Qe4 Bxe2 21.
Kxe2 Qe7 22. c4 Nf6 23. Nxf6 Qxf6 24. Qe5 Qxe5 25. dxe5 Rad8 26. Rhd1 Kg6 27.
Rxd8 Rxd8 28. Rd1 Rxd1 29. Kxd1 Kf5 30. f4 gxf4 31. exf4 Kg4 32. Ke2 Kxg3 33.
Ke3 Kxg2 34. f5 h5 0-1

[Event "Michigan Action"]
[Site "Detroit, MI"]
[Date "1999.12.18"]
[Round "4"]
[White "Asbury, Victor"]
[Black "Dixon, DaVaughn"]
[Result "1-0"]
[WhiteElo "1552"]
[BlackElo "987"]
[PlyCount "75"]
[EventDate "1999.12.18"]

1. c4 c5 2. Nc3 Nc6 3. g3 g6 4. Bg2 Bg7 5. Nf3 e6 6. e4 Nge7 7. O-O O-O 8. a3
d5 9. cxd5 exd5 10. d3 d4 11. Ne2 Bg4 12. h3 Bxf3 13. Bxf3 Ne5 14. Bg2 N7c6 15.
f4 Nd7 16. Bd2 b5 17. e5 Rc8 18. Rc1 Qb6 19. Kh2 a5 20. Qe1 Ra8 21. Bxc6 Qxc6
22. Nxd4 Qb6 23. Nb3 b4 24. axb4 axb4 25. Be3 Rfc8 26. Qf2 Qb5 27. Nxc5 Nxc5
28. Rxc5 Rxc5 29. Bxc5 b3 30. d4 Rc8 31. f5 Qd3 32. fxg6 hxg6 33. Qxf7+ Kh7 34.
Qf3 Qxf3 35. Rxf3 Bh8 36. Rf7+ Kh6 37. Rb7 Re8 38. Rxb3 1-0

[Event "Michigan Action"]
[Site "Detroit, MI"]
[Date "1999.12.18"]
[Round "6"]
[White "Asbury, Victor"]
[Black "Bainbridge, Chris"]
[Result "1-0"]
[WhiteElo "1552"]
[BlackElo "959"]
[PlyCount "35"]
[EventDate "1999.12.18"]

1. c4 e6 2. e4 c6 3. Nc3 Nf6 4. e5 Ng8 5. Nf3 d6 6. d4 d5 7. Bd3 Bb4 8. O-O
Bxc3 9. bxc3 Ne7 10. Ng5 h6 11. Nxf7 Kxf7 12. Qh5+ g6 13. Qf3+ Nf5 14. g4 Qa5
15. gxf5 gxf5 16. Qh5+ Ke7 17. Bg5+ Kd7 18. Qf7# 1-0

[Event "Michigan Action"]
[Site "Detroit, MI"]
[Date "1999.12.18"]
[Round "2"]
[White "Asbury, Victor"]
[Black "Akindele, Wale"]
[Result "1-0"]
[WhiteElo "1552"]
[BlackElo "1000"]
[PlyCount "59"]
[EventDate "1999.12.18"]

1. c4 e5 2. Nc3 Nc6 3. g3 Nf6 4. Bg2 Bc5 5. Nf3 d5 6. cxd5 Nxd5 7. O-O Nxc3 8.
bxc3 f6 9. Qb3 Qd6 10. Ne1 b6 11. Nd3 Bd7 12. Qd5 Qxd5 13. Bxd5 Bd6 14. f4 exf4
15. Nxf4 Bxf4 16. Rxf4 O-O-O 17. Ba3 Rde8 18. e4 Ne5 19. d4 Ng6 20. Rf3 Bg4 21.
Re3 Rd8 22. Bc4 Rhe8 23. Ba6+ Kb8 24. Rb1 Bf5 25. Rbe1 Be6 26. d5 Bc8 27. Bb5
Re5 28. c4 Bb7 29. Bb2 Re7 30. e5 1-0

[Event "Michigan Action"]
[Site "Detroit, MI"]
[Date "1999.12.18"]
[Round "4"]
[White "Almasy, Roy"]
[Black "Roberes, Thomas"]
[Result "1-0"]
[WhiteElo "809"]
[BlackElo "682"]
[PlyCount "62"]
[EventDate "1999.12.18"]

1. e4 e6 2. Nf3 d5 3. exd5 exd5 4. d4 Nc6 5. Bb5 Bd7 6. O-O Nf6 7. Bg5 Be7 8.
Qe2 O-O 9. Nc3 Re8 10. Qd2 h6 11. Bxf6 Bxf6 12. Nxd5 Bf5 13. Nxf6+ Qxf6 14. d5
Rad8 15. Qf4 Rxd5 16. Bxc6 Qxc6 17. Nd4 Qd7 18. Nxf5 Rxf5 19. Rad1 Rxf4 20.
Rxd7 Rc8 21. Rfd1 Kh7 22. g3 Rb4 23. b3 b6 24. c4 a5 25. Rb1 a4 26. a3 Rxb3 27.
Rxb3 axb3 28. Rd1 Ra8 29. Rb1 Rxa3 30. Kg2 Kg6 31. Kh3 c6 1-0

[Event "Michigan Action"]
[Site "Detroit, MI"]
[Date "1999.12.18"]
[Round "1"]
[White "Akindele, Wale"]
[Black "Hershberger, Kent"]
[Result "1-0"]
[WhiteElo "1000"]
[BlackElo "982"]
[PlyCount "58"]
[EventDate "1999.12.18"]

1. e4 e5 2. Nf3 d6 3. Nc3 Nf6 4. Bc4 h6 5. d4 Qe7 6. dxe5 dxe5 7. Nd5 Nxd5 8.
Qxd5 Nc6 9. Bb5 Be6 10. Bxc6+ bxc6 11. Qxc6+ Qd7 12. Qxa8+ Qc8 13. Qxc8+ Bxc8
14. Nxe5 Bb4+ 15. c3 Bd6 16. Bf4 Ba6 17. O-O-O O-O 18. g3 g5 19. Nd7 Bxf4+ 20.
gxf4 Rc8 21. Rhg1 Bb5 22. fxg5 Kg7 23. gxh6+ Kxh6 24. b3 Be2 25. Rd2 Bf3 26.
Rd4 Rf8 27. Nf6 a6 28. Ng4+ Kh5 29. Rd5+ Kh4 1-0

[Event "Michigan Action"]
[Site "Detroit, MI"]
[Date "1999.12.18"]
[Round "4"]
[White "Akindele, Wale"]
[Black "DeFrayne, Don"]
[Result "0-1"]
[WhiteElo "1000"]
[BlackElo "1427"]
[PlyCount "47"]
[EventDate "1999.12.18"]

1. e4 c6 2. Nf3 d5 3. exd5 cxd5 4. d4 Nc6 5. Nc3 Bf5 6. a3 e6 7. Bf4 Qb6 8. Rb1
Bg4 9. Bb5 Bxf3 10. gxf3 Nge7 11. Bd6 Nf5 12. Bxc6+ bxc6 13. Bxf8 Rxf8 14. f4
Nxd4 15. Qd3 Nf5 16. Qh3 h6 17. Ne2 Nd4 18. Nxd4 Qxd4 19. Qe3 Qa4 20. Rc1 Kd7
21. b3 Qa6 22. a4 Qa5+ 23. Qd2 Qc5 24. Ke2 0-1

[Event "Motor City Open"]
[Site "Warren, MI"]
[Date "2000.??.??"]
[Round "4"]
[White "Wilson, Vester"]
[Black "Finegold, Ben"]
[Result "0-1"]
[WhiteElo "2108"]
[BlackElo "2572"]
[PlyCount "45"]
[EventDate "2000.11.24"]

1. e4 c5 2. Nf3 Nc6 3. d4 cxd4 4. Nxd4 Nf6 5. Nc3 d6 6. f3 e5 7. Nb3 Be7 8. Be3
Be6 9. g4 h6 10. Qd2 d5 11. exd5 Nxd5 12. Ne4 Nxe3 13. Qxe3 Bh4+ 14. Nf2 Bg5
15. Qc3 Rc8 16. Qc5 a6 17. Rd1 Nd4 18. Rxd4 exd4 19. Qxd4 Rxc2 20. Ne4 O-O 21.
h4 Bxh4+ 22. Rxh4 Qxh4+ 23. Kd1 0-1